|
|
|
|
| LEADER |
00885nab a2200205 i 4500 |
| 001 |
publ38232 |
| 005 |
20251110132147.0 |
| 008 |
251110s2025 hu o 000 eng d |
| 022 |
|
|
|a 2000-1452
|
| 024 |
7 |
|
|a 10.7146/nja.v34i69.160697
|2 doi
|
| 024 |
7 |
|
|a 36418416
|2 mtmt
|
| 040 |
|
|
|a SZTE Publicatio Repozitórium
|b hun
|
| 041 |
|
|
|a eng
|
| 100 |
1 |
|
|a Somhegyi Zoltán György
|
| 245 |
1 |
0 |
|a Philosophical Reflections on the Significance of Preservation
|h [elektronikus dokumentum] :
|b Erich Hatala Matthes — What to Save and Why: Identity, Authenticity, and the Ethics of Conservation /
|c Somhegyi Zoltán György
|
| 260 |
|
|
|c 2025
|
| 300 |
|
|
|a 374-377
|
| 490 |
0 |
|
|a NORDIC JOURNAL OF AESTHETICS
|v 34 No. 69
|
| 650 |
|
4 |
|a Filozófia, etika és vallástudományok
|
| 856 |
4 |
0 |
|u http://publicatio.bibl.u-szeged.hu/38232/1/PhilosophicalReflectionsontheSignificanceofPreservation.pdf
|z Dokumentum-elérés
|